عقد المقاولة في الفقه الإسلامي وما يقابله في القانون المدني/
Saved in:
| Main Author: | |
|---|---|
| Other Authors: | |
| Format: | Thesis |
| Language: | Arabic |
| Published: |
Nabulus :
al-Jami'ah al-Najah al-Wataniyah,
2004
|
| Subjects: | |
| Tags: |
Add Tag
No Tags, Be the first to tag this record!
|
| LEADER | 015780000a22003010004500 | ||
|---|---|---|---|
| 008 | 131003s2004 gz f 000 0 ara d | ||
| 040 | |a UIAM |b eng | ||
| 041 | |a ara | ||
| 050 | |a KMC234 | ||
| 100 | 1 | |a قرارية، زياد شفيق حسن | |
| 242 | 1 | 0 | |a 'Aqd al-muqawalah fi al-fiqh al-Islami wama yuqabiluhu fi al-qanun al-madani |
| 245 | 1 | 0 | |a عقد المقاولة في الفقه الإسلامي وما يقابله في القانون المدني/ |c إعداد، زياد شفيق حسن قرارية |
| 246 | |a Contract agreement in the Islamic Fiqh | ||
| 260 | |a Nabulus : |b al-Jami'ah al-Najah al-Wataniyah, |c 2004 | ||
| 300 | |a various paging, ; |c 30 cm. | ||
| 500 | |a " قدمت هذه الأطروحة إستكمالا لمتطلبات درجة الماجستير في الفقه والتشريع بكلية الدراسات العليا في جامعة النجاح الوطنية في نابلس، فلسطين " --On t.p. | ||
| 502 | |a Thesis (M.A.)--Jami'at al-Najah al-Wataniyah, 2004. | ||
| 504 | |a Includes bibliographical references. | ||
| 596 | |a 1 | ||
| 650 | 0 | |a Contracts |z Arab countries | |
| 650 | 0 | |a Contracts (Islamic law) | |
| 650 | 0 | |a Entrepernuership |z Arab countries | |
| 655 | |a Theses, Facsimile edition (Islamic) | ||
| 700 | 1 | |a Qarariyah, Ziyad Shafiq Hasan | |
| 900 | |a arf-lfr | ||
| 999 | |c 438993 |c 438993 |d 469029 |d 469029 | ||
| 999 | |c 438993 |c 438993 |d 469029 |d 469029 | ||
| 952 | |0 0 |6 TI D 000019 KMC 234 Q13A 2004 |7 0 |8 THESES |9 758439 |a IIUM |b IIUM |c MULTIMEDIA |g 295.00 |o ti d19 KMC 234 Q13A 2004 |p 00011273902 |r 2017-10-23 |t 1 |v 295.00 |y THESIS | ||
